00569nam a22002057a 45000010005000000030006000050050017000110080041000280200018000690400029000870500008001161000018001242450043001422600048001853000049002334900024002825050008003065210029003145210020003438328FISKH20250909112115.0250909b cb ||||| |||| 00| 0 eng d a9781740898225 aFISKHbengcFISKHdFISKH aPZ7 aOdgers, Sally aOur amazing bodies /cBy Sally Odgers  aSydney : bWeldon Owen Publishing , c2008. a32 pages : bcolor illustrations ;c23 cm .  aTopReader vStage 2 aJ 8 a500 bLexile estimate 8 aJ bRaz-Plus